Responses for Show #7401 - Monday, November 14, 2016

2016 Teen Tournament quarterfinal game 4.
From DAR Constitution Hall in Washington, D.C.

Contestants

[<< previous game]

Connor Pierce, a freshman from Dallas, Texas

Antonio Karides, a junior from Severna Park, Maryland

Lucia Geng, a junior from Great Neck, New York

[next game >>]

Jeopardy! Round responses

SCHOOLING YOU
IN A GROUP
RUSSIAN HISTORY
FLORA
VOCABULARY
(Alex: And finally, we want to know...)
WHO MAKES IT?
    $200 17
(Alex: ...yeah, you got in ahead of Antonio, there.)

rio

Connor
    $200 22
Lukas Graham

Lucia
    $200 2
the U.S.S.R. (or Soviet Union)

Connor
    $200 27
(Antonio: What is a dandelion?)

the daisy

Antonio
Triple Stumper
    $200 12
quotient

Connor
    $200 3
Nike

Antonio
    $400 18
uranium

Antonio
    $400 23
DNCE

Antonio
    $400 8
Cuba

Antonio
    $400 28
parsley

Antonio
    $400 13
Cervantes

Lucia
    $400 4
Amazon

Lucia
    $600 19
(Lucia: What is kickball?)
(Alex: No. I heard a groan from the audience because they know it's [*].)

dodgeball

Lucia
Triple Stumper
    $600 24
Destiny's Child

Lucia
    $600 9
czar

Lucia
    $600 29
a maple tree

Antonio
    $1,000 14
antidote & anecdote

Lucia
    $600 5
Purina

Connor
    $800 20
a gerund

Antonio
    $800 25
'NSYNC

Lucia
    $800 10
Moscow

Connor
    $800 1
a Venus flytrap

Antonio
    $800 15
an epigram

Triple Stumper
    $800 6
Samsung

Connor
    $1000 21
a quarter rest

Lucia
    $1000 26
The Script

Lucia
    $1000 11
(Lucia: What is the NKD?)

the KGB

LuciaConnor
    $1000 30
(Lucia: What is the pistil?)

the style

Lucia
Triple Stumper
    $1000 16
a pescatarian

Antonio
    $1000 7
Hershey's

Antonio

Scores at the first commercial break (after clue 15):

Lucia Antonio Connor
$1,400 $2,400 $3,600

Scores at the end of the Jeopardy! Round:

Lucia Antonio Connor
$3,400 $5,800 $3,800

Double Jeopardy! Round responses

LET'S TRAVEL
REALITY TV SHOWS
MIDDLE INITIALS
TAKING A NEW "SAT"
(Alex: "S-A-T" is going to come up in each correct response.)
ON MY REEDING LIST
(Alex: Notice the spelling there.)
I'M LIKE ON PAGE 1
    $400 15
red

Connor
    $400 10
housewives

Lucia
    $400 20
Walker

Antonio
    $400 6
satyr

Lucia
    $400 26
a rooster

Antonio
    $400 21
Catcher in the Rye

Antonio
    $800 16
Texas

Connor
    $800 11
Jennifer Lopez

Connor
    $800 2
Robert E. Lee

Connor
    $800 1
satin

Connor
    $800 27
a manger

Lucia
    $800 22
Tolkien

Lucia
    $1200 17
Edison

Lucia
    $1200 12
(Antonio: What is Walmart?)
(Connor: What is CVS?)

7-Eleven

AntonioConnor
Triple Stumper
    $1200 3
Taraji P. Henson

Antonio
    $1200 7
a satellite

Antonio
    $1200 28
(Alex: Are you three too old for [*]?)
[Laughter]

Sesame Street

Triple Stumper
    $1200 23
"Blubber"

Triple Stumper
    $4,000 18
(Alex: Lucia, pick a city.)
(Lucia: What is Detroit?)

Chicago

Lucia
    $1600 13
Animal Planet

Antonio
    $1600 4
Booker T. Washington

Antonio
    $1600 8
saturated fat

Connor
    $1600 29
(Lucia: [Too quickly for her phrasing to be heard] Who is [*]?)
(Alex: I'm sorry?)
(Lucia: [*]. Wolfgang Amadeus...)
(Alex: No.)
[Lucia gives up.]
(Alex: She--she phrased it in the form of a question? Okay.)
(Lucia: Who--who is...)
(Alex: You speak too quickly for me, Lucia.)
(Lucia: Sorry.)

Mozart

Lucia
    $1600 24
(Ralph) Ellison

Lucia
    $2000 19
Bogotá

Connor
    $2000 14
Tyra Banks

Antonio
    $2000 5
(Arthur C.) Clarke

Lucia
    $2000 9
a satchel

Connor
    $2000 30
(Lucia: [Distinctly this time] What are [*]?)
(Alex: Thank you for phrasing it slower.)

octaves

Lucia
    $5,800 25
The Outsiders

Lucia

Scores at the end of the Double Jeopardy! Round:

Lucia Antonio Connor
$16,000 $13,400 $11,800

Final Jeopardy! Round responses

HISTORY REPEATS
ConnorWhat is pol prohibition?
$11,799
AntonioWhat is Prohibition?
$6,600
LuciaWhat is Prohibition?
$800
Prohibition

Final scores:

Lucia Antonio Connor
$16,800 $20,000 $23,599
3rd place: $5,000 if eliminated 2nd place: $5,000 if eliminated Automatic semifinalist

Game dynamics:

Coryat scores:

Lucia Antonio Connor
$15,800 $13,400 $11,800
19 R
(including 2 DDs),
4 W
(including 1 DD)
18 R,
2 W
15 R,
1 W

Combined Coryat: $41,000

[game clues] [game scores] [suggest correction]

Game tape date: 2016-04-12
The J! Archive is created by fans, for fans. Scraping, republication, monetization, and malicious use prohibited; this site may use cookies and collect identifying information. See terms. The Jeopardy! game show and all elements thereof, including but not limited to copyright and trademark thereto, are the property of Jeopardy Productions, Inc. and are protected under law. This website is not affiliated with, sponsored by, or operated by Jeopardy Productions, Inc. Join the discussion at JBoard.tv.